00000000ngm##2200000za#4500
0019.645963
003CaOODSP
00520200328024919
007vf |b||||
008150407|1995||||xxc--- |     fq   v|eng|d
020 |a0-662-23623-8
040 |aCaOODSP|beng
043 |an-cn---
0861 |aP35-85/1995E-V
1101 |aCanada.|bPublic Works and Government Services Canada. |bReal Property Services Branch.
24510|aSt: Andrews lock and dam : |h[videorecording]|bLockport, Manitoba / |cIssued by the Real Property Services Branch.
260 |aEdmonton - Alberta : |bPublic Works and Government Services Canada. |c1995.
300 |a1 videocassette (1 vHS), 12:30 min.
590 |a95-45|b1995-11-10
69007|aDams|2gcpds
77508|tSt. Andrews lock and dam : |w(CaOODSP)9.645909